000 00327nam a2200133Ia 4500
005 20251222144651.0
008 251222s9999||||xx |||||||||||||| ||spa||
020 _a978-84-9704-307-6
082 _a027.4/P16
100 _aPagarolas Sabatú, Laureá
245 0 _aLos archivos notariales:
264 _bAlfagrama
942 _cLIB
999 _c17067
_d17067